书目信息 |
| 题名: |
无线电广播技术手册
|
|
| 作者: | 李龙 编 | |
| 分册: | ||
| 出版信息: | 呼和浩特 内蒙古人民出版社 1980 |
|
| 页数: | 1170页 | |
| 开本: | 25cm | |
| 丛书名: | ||
| 单 册: | ||
| 中图分类: | TN934-62 , TN62 | |
| 科图分类: | ||
| 主题词: | 无线电广播系统--技术手册 , 微波传播--控制元件 | |
| 电子资源: | ||
| ISBN: | ||
| 000 | 00708nam0 2200265 45 | |
| 001 | 0180005861 | |
| 005 | 20040921173929.0 | |
| 010 | @dCNY7.80 | |
| 091 | @a15089.37 | |
| 100 | @a19950309d1980 em y0chiy0121 ea | |
| 101 | 0 | @achi |
| 102 | @aCN@b150000 | |
| 105 | @ay z 000yy | |
| 106 | @ar | |
| 200 | 10 | @a无线电广播技术手册@Awu xian dian guang bo ji shu shou ce@f李龙编著 |
| 210 | @a呼和浩特@c内蒙古人民出版社@d1980 | |
| 215 | @a1170页@d25cm | |
| 606 | @a无线电广播系统@x技术手册 | |
| 606 | 0 | @a微波传播@x控制元件 |
| 690 | @aTN934-62@v3 | |
| 690 | @aTN62 | |
| 701 | 0 | @a李龙@Ali long@4编 |
| 801 | 0 | @aCN@b上海图书馆@c20040921 |
| 801 | 2 | @aCN@bNLC@c20040921 |
| 905 | @f1@b106824@dTN62@e57 | |
| 无线电广播技术手册/李龙编著.-呼和浩特:内蒙古人民出版社,1980 |
| 1170页;25cm |
| ISBN :CNY7.80 |
| ● |
| 相关链接 |
|
|
|
|
正题名:无线电广播技术手册
索取号:TN62/57
 
预约/预借
| 序号 | 登录号 | 条形码 | 馆藏地/架位号 | 状态 | 备注 |
| 1 | 0106824 | 000560636 | 密集书库/ [索取号:TN62/57] | 在馆 |